000 00789nam a22001577a 4500
999 _c60729
_d60729
005 20231016130126.0
008 231016s1982ru xxu||||| |||| 00| 0 rus
080 _a9 (100) И-90
245 _aИстория древнего мира. Часть II : Греция и Рим
_b Учебное пособие : факультетов пединститутов /
_cРед. А.Д. Бокщанина
264 _aМосква :
_b Просвещение,
_c1981.
300 _a 431 стр.:
_bил.;
_c23 cm.
653 _a История древнего мира
653 _aძველი სამყაროს ისტორია საბერძნეთი და რომი
700 _aБокщанин, А. Д.
_eრედაქტორი
_920083
942 _2udc
_cBK